Dracula/ (Record no. 9325)
[ view plain ]
| 000 -LEADER | |
|---|---|
| fixed length control field | 00941cam a2200313 a 4500 |
| 001 - CONTROL NUMBER | |
| control field | 1389328 |
| 003 - CONTROL NUMBER IDENTIFIER | |
| control field | SISC |
| 005 - DATE AND TIME OF LATEST TRANSACTION | |
| control field | 20190620131208.0 |
| 008 - FIXED-LENGTH DATA ELEMENTS--GENERAL INFORMATION | |
| fixed length control field | 821103s1983 enk b 000 1 eng |
| 010 ## - LIBRARY OF CONGRESS CONTROL NUMBER | |
| LC control number | 82022324 |
| 020 ## - INTERNATIONAL STANDARD BOOK NUMBER | |
| International Standard Book Number | 0198314566 |
| 040 ## - CATALOGING SOURCE | |
| Original cataloging agency | DLC |
| Transcribing agency | DLC |
| Modifying agency | DLC |
| -- | OCoLC |
| -- | DLC |
| 043 ## - GEOGRAPHIC AREA CODE | |
| Geographic area code | e-rm--- |
| 050 00 - LIBRARY OF CONGRESS CALL NUMBER | |
| Classification number | PR 6037 |
| Item number | .St921 1999 |
| 082 00 - DEWEY DECIMAL CLASSIFICATION NUMBER | |
| Classification number | GS 398.22 |
| Item number | S67 1997 |
| 100 1# - MAIN ENTRY--PERSONAL NAME | |
| Personal name | Stoker, Bram, |
| Dates associated with a name | 1847-1912. |
| 9 (RLIN) | 13226 |
| 245 10 - TITLE STATEMENT | |
| Title | Dracula/ |
| Statement of responsibility, etc | Bram Stoker. |
| 260 ## - PUBLICATION, DISTRIBUTION, ETC. (IMPRINT) | |
| Place of publication, distribution, etc | London : |
| Name of publisher, distributor, etc | Dorling Kindersley, |
| Date of publication, distribution, etc | c1997. |
| 300 ## - PHYSICAL DESCRIPTION | |
| Extent | 64 p. : |
| Dimensions | 26 cm. |
| Other physical details | ill. ; |
| 440 #4 - SERIES STATEMENT/ADDED ENTRY--TITLE | |
| Title | The World's classics |
| 9 (RLIN) | 3016 |
| 562 ## - COPY AND VERSION IDENTIFICATION NOTE | |
| Number of copies | 1 |
| 650 ## - SUBJECT ADDED ENTRY--TOPICAL TERM | |
| Topical term or geographic name as entry element | Vampires. |
| 9 (RLIN) | 17524 |
| 655 #7 - INDEX TERM--GENRE/FORM | |
| Genre/form data or focus term | Horror fiction. |
| Source of term | gsafd |
| 9 (RLIN) | 3405 |
| 700 1# - ADDED ENTRY--PERSONAL NAME | |
| Personal name | Wilson, A. N., |
| Dates associated with a name | 1950- |
| 9 (RLIN) | 13231 |
| 856 42 - ELECTRONIC LOCATION AND ACCESS | |
| Materials specified | Publisher description |
| Uniform Resource Identifier | <a href="http://www.loc.gov/catdir/enhancements/fy0640/82022324-d.html">http://www.loc.gov/catdir/enhancements/fy0640/82022324-d.html</a> |
| 906 ## - LOCAL DATA ELEMENT F, LDF (RLIN) | |
| a | 7 |
| b | cbc |
| c | orignew |
| d | 1 |
| e | ocip |
| f | 19 |
| g | y-gencatlg |
| 942 ## - ADDED ENTRY ELEMENTS (KOHA) | |
| Source of classification or shelving scheme | Library of Congress Classification |
| Koha item type | Books |
| Withdrawn status | Lost status | Source of classification or shelving scheme | Damaged status | Home library | Current library | Shelving location | Date acquired | Total Checkouts | Full call number | Barcode | Date last seen | Copy number | Price effective from | Koha item type |
|---|---|---|---|---|---|---|---|---|---|---|---|---|---|---|
| Library of Congress Classification | Luxembourg Library | Luxembourg Library | High School Section | 08/24/2013 | PR 6037 .St921 1999 | 8538 | 08/24/2013 | 1 | 08/24/2013 | Books | ||||
| Library of Congress Classification | Luxembourg Library | Luxembourg Library | Grade School Section | 09/21/2013 | PR 6037 .St921 1997 | 7775 | 10/28/2015 | 1 | 09/21/2013 | Books |